[Event "FRA-ch qual"]
[Site "Bescanon"]
[Date "1999.08.20"]
[Round "3"]
[White "Templier, Nicolas"]
[Black "Gouret, Thierry"]
[Result "1/2-1/2"]
[WhiteElo "2226"]
[BlackElo "2331"]
[PlyCount "44"]
[EventDate "1999.08.18"]
[EventType "swiss"]
[EventRounds "11"]
[EventCountry "FRA"]
[SourceTitle "EXT 2000"]
[Source "ChessBase"]
[SourceDate "1999.11.16"]
[SourceVersion "1"]
[SourceVersionDate "1999.11.16"]
[SourceQuality "1"]

1. d4 Nf6 2. c4 g6 3. g3 d5 4. cxd5 Qxd5 5. Nf3 Nc6 6. Nc3 Qh5 7. d5 Nb8 8. Bg5 Bh6 9. Bxf6 exf6 10. Qa4+ Kf8 11. Qd4 Kg7 12. Bg2 Bh3 13. 0-0 Nd7 14. Rfd1 Rhe8 15. Qb4 Nb6 16. Rd4 Bxg2 17. Kxg2 Qf5 18. a4 a5 19. Qc5 Rec8 20. e4 Qd7 21. Nb5 Ra6 22. Rd3 c6 1/2-1/2

[Event "FRA-chT2S 9899"]
[Site "France"]
[Date "1998.11.14"]
[Round "2"]
[White "Templier, Nicolas"]
[Black "Martin, Joel"]
[Result "1-0"]
[WhiteElo "2115"]
[BlackElo "2065"]
[PlyCount "103"]
[EventDate "1998.??.??"]
[EventType "team"]
[EventRounds "9"]
[EventCountry "FRA"]
[SourceTitle "EXT 2002"]
[Source "ChessBase"]
[SourceDate "2001.11.25"]
[SourceVersion "1"]
[SourceVersionDate "2001.11.25"]
[SourceQuality "1"]

1. d4 Nf6 2. c4 g6 3. g3 c6 4. Bg2 d5 5. cxd5 cxd5 6. Nc3 Bg7 7. Nf3 0-0 8. Ne5 e6 9. Bg5 h6 10. Be3 Nbd7 11. f4 Qa5 12. 0-0 b5 13. Qb3 a6 14. a4 bxa4 15. Rxa4 Qc7 16. Rc1 Rb8 17. Rb4 Rxb4 18. Qxb4 Qb6 19. Na2 a5 20. Qxb6 Nxb6 21. Bd2 a4 22. Rc7 Nfd7 23. Bb4 Bxe5 24. dxe5 Re8 25. Nc3 Ba6 26. Kf2 Bc4 27. Ra7 Bb3 28. Bd6 Ra8 29. Rb7 Rc8 30. e3 Rc6 31. h4 Rc8 32. Bf3 Ra8 33. Bg4 Rc8 34. h5 Kg7 35. hxg6 Kxg6 36. Kg2 Bc4 37. Kh3 Bb3 38. Kh4 Bc4 39. Bh5+ Kg7 40. Ra7 Bb3 41. Rb7 Kg8 42. Bg4 Bc2 43. Be2 a3 44. Bxa3 Rb8 45. Rxb8+ Nxb8 46. Bc5 Nc4 47. b4 Nd7 48. Bd4 Ndb6 49. Nb5 Nc8 50. Nc7 Ba4 51. Kh5 Kh7 52. Bd3+ 1-0